Business tenancy (Record no. 63152)

MARC details
000 -LEADER
fixed length control field 00972cam a2200217 4500
001 - CONTROL NUMBER
control field WB3615-22
008 - FIXED-LENGTH DATA ELEMENTS--GENERAL INFORMATION
fixed length control field 000000n2000 000 0 eng u
035 ## - SYSTEM CONTROL NUMBER
System control number (Sirsi) u105346
245 ## - TITLE STATEMENT
Title Business tenancy
260 ## - PUBLICATION, DISTRIBUTION, ETC.
Date of publication, distribution, etc. 2000
490 ## - SERIES STATEMENT
Series statement Estates Gazette Case Summaries
Volume/sequential designation [2000] EGCS 45 (08/04/2000)
520 ## - SUMMARY, ETC.
Summary, etc. Bristol County Court 27 March 2000. "Wallis Fashion Group Ltd v General Accident Life Assurance Ltd". Concerned with statutory renewal of business lease, and the tenant' s application to settle terms in accordance with the Landlord and Tenant Act 1954 S35. Tenant urging reasonableness qualification. Held, application was allowed.
590 ## - LOCAL NOTE (RLIN)
Local note WB
650 ## - SUBJECT ADDED ENTRY--TOPICAL TERM
Topical term or geographic name entry element LANDLORD AND TENANT (COVENANTS) ACT 1995
650 ## - SUBJECT ADDED ENTRY--TOPICAL TERM
Topical term or geographic name entry element LANDLORD AND TENANT ACT 1954 S35
650 ## - SUBJECT ADDED ENTRY--TOPICAL TERM
Topical term or geographic name entry element WALLIS FASION GROUP LTD V GENERAL ACCIDENT LIFE ASSURANCE LTD
650 ## - SUBJECT ADDED ENTRY--TOPICAL TERM
Topical term or geographic name entry element REASONABLENESS
650 ## - SUBJECT ADDED ENTRY--TOPICAL TERM
Topical term or geographic name entry element WORDING
690 ## - LOCAL SUBJECT ADDED ENTRY--TOPICAL TERM (OCLC, RLIN)
Topical term or geographic name as entry element LANDLORD AND TENANT-BUSINESS TENANCIES
942 ## - ADDED ENTRY ELEMENTS (KOHA)
Suppress in OPAC 0
Holdings
Withdrawn status Lost status Source of classification or shelving scheme Damaged status Not for loan Home library Current library Shelving location Date acquired Total Checkouts Full call number Barcode Date last seen Copy number Price effective from Koha item type
    Dewey Decimal Classification     London London News article 13/04/2000   WB3615-22 105346-1001 06/08/2019 1 06/08/2019 News article